|
|
|
|
| LEADER |
00000ntmaa2200000 a 4500 |
| 001 |
vtls012142219 |
| 003 |
SK-MaSNL |
| 005 |
20260301151335.0 |
| 008 |
230802i1901 xo || 000 s hun |
| 035 |
|
|
|a urn:nbn:sk:snk-tm00iebu
|
| 035 |
|
|
|a C1754344-C9D4-486F-B1AA-09264F0F67B7
|
| 040 |
|
|
|a SNKLA
|b slo
|c SNKLA
|e AACR2
|
| 041 |
0 |
|
|a hun
|
| 044 |
|
|
|a xo
|c SK
|
| 072 |
|
7 |
|a 27-78
|x Kresťanské združenia, spolky a organizácie. Rehoľné rády
|2 konspekt
|
| 072 |
|
7 |
|a 2
|x Náboženstvo
|2 konspekt
|
| 080 |
|
|
|a 025.171
|2 2011
|
| 080 |
|
|
|a (0:82-5)
|2 2011
|
| 100 |
1 |
|
|a Heffler, Konrád,
|d 1850-1902
|4 aut
|9 509884
|
| 245 |
1 |
0 |
|a Beszédek
|c Heffler
|
| 260 |
|
|
|a Lelesz
|c 1901-1904
|
| 300 |
|
|
|a 40 nečíslovaných strán
|b rukopis, viazaný
|c 25 cm
|
| 500 |
|
|
|a Titul na prednej strane obálky
|
| 500 |
|
|
|a Súvisí so signatúrami JAS 620a, JAS 620b
|
| 520 |
2 |
|
|a Zošit rozličných kázní
|
| 555 |
0 |
|
|a Inventár rukopisov Archívu literatúry a umenia Slovenskej národnej knižnice. Rukopisy historických knižníc na Slovensku IV (Jasov). Slovenská národná knižnica 2010
|
| 610 |
2 |
7 |
|a Premonštráti
|2 SNKKA
|9 30024
|
| 651 |
|
7 |
|a Jasov (Slovensko)
|2 SNKPHgeo
|9 22401
|
| 655 |
|
7 |
|a rukopisy
|2 SNKPH
|9 70548
|
| 655 |
|
7 |
|a kázne
|2 SNKPH
|9 70516
|
| 752 |
|
|
|a Slovensko
|d Leles
|
| 852 |
|
|
|a Slovenská národná knižnica
|b Literárny archív
|
| 958 |
|
|
|a ZH
|
| 958 |
|
|
|a LAVD
|
| 999 |
|
|
|c 786359
|d 788289
|
| 952 |
|
|
|a SNKLA
|b SNKLA
|c SNKLA_DEP
|y NEVYP
|7 0
|p 17A1230423
|o snkJAS 620c
|0 0
|1 0
|4 0
|d 2022-07-08
|f 1
|l 0
|r 2026-02-24 01:20:40
|w 2026-02-24
|